| Поле | Название | Значение |
| |
Тип записи |
a |
| |
Библиографический уровень |
m |
| 001 |
Контрольный номер |
RU\NLR\BIBL_A\011402259 |
| 005 |
Дата корректировки |
20250115093052.0 |
| 010 |
Индекс ISBN |
__ |
| a |
ISBN |
978-5-4461-0345-4 |
| 9 |
Тираж |
3500 |
| d |
Цена |
334-60 |
| 021 |
№ государственной регистрации |
__ |
| a |
Код страны |
RU |
| b |
№ документа |
2017-36649 |
| 035 |
Другие системные номера |
__ |
| a |
Идентификатор записи |
(RuMoRGB)008889748 |
| 100 |
Данные общей обработки |
__ |
| a |
Данные общей обработки |
20170608d2017 u y0rusa0189 ca |
| 101 |
Язык документа |
0_ |
| a |
Язык текста |
rus |
| 102 |
Страна публикации |
__ |
| a |
Страна публикации |
RU |
| 105 |
Кодированные данные (монография) |
__ |
| a |
Кодированные данные (монография) |
a|||j|||000yy |
| 200 |
Заглавие и сведения об ответственности |
1_ |
| a |
Заглавие |
Растим счастливого и успешного ребенка |
| f |
Первые сведения об ответственности |
Ольга Маховская |
| 210 |
Выходные данные |
1_ |
| a |
Место издания |
Санкт-Петербург [и др.] |
| c |
Издательство |
Питер |
| d |
Дата издания |
2017 |
| 215 |
Физическое описание |
__ |
| a |
Объем |
288 с. |
| c |
Иллюстрации/тип воспроизводства |
ил. |
| d |
Формат |
22 |
| 225 |
Серия (Журнальная рубрика) |
1_ |
| a |
Серия (Журнальная рубрика) |
Родителям о детях |
| 330 |
Аннотация |
__ |
| a |
Аннотация |
Вы мечтаете стать суперродителем, чтобы растить счастливого и успешного ребенка? Не знаете, как преодолеть сложности в отношениях с чадом? Запутались в том, какая методика воспитания самая лучшая? Известный психолог Ольга Маховская расскажет вам, как, наконец, стать счастливым родителем, о которых пишут в журналах. Вы получите исчерпывающие ответы на свои вопросы, а также рекомендации, советы и идеи, которые помогут вам победить стресс и чувствовать себя уверенно в любой ситуации. |
| 333 |
Примечание о целевом назначении |
__ |
| a |
Примечание о целевом назначении |
12+ |
| 606 |
Тематические рубрики |
1_ |
| a |
Основная рубрика |
Образование. Педагогика |
| 606 |
Тематические рубрики |
1_ |
| a |
Основная рубрика |
Семейное воспитание и образование |
| 606 |
Тематические рубрики |
1_ |
| a |
Основная рубрика |
Психология |
| 606 |
Тематические рубрики |
1_ |
| a |
Основная рубрика |
Педагогическая психология |
| 610 |
Ключевые слова |
0_ |
| a |
Ключевые слова |
воспитание детей |
| a |
Ключевые слова |
психологические тренинги |
| a |
Ключевые слова |
родительское поведение |
| a |
Ключевые слова |
капризы детей |
| a |
Ключевые слова |
дети и родители |
| a |
Ключевые слова |
психология воспитания |
| a |
Ключевые слова |
проблемы воспитания |
| 686 |
Индексы других классификаций |
__ |
| a |
Индекс ББК |
74.90 |
| 2 |
Код системы |
rubbk |
| 686 |
Индексы других классификаций |
__ |
| a |
Индекс ББК |
88.6 |
| 2 |
Код системы |
rubbk |
| 700 |
Автор |
_1 |
| a |
Фамилия |
Маховская |
| b |
Имя |
О. И. |
| g |
Полное личное имя |
Ольга Ивановна |
| 801 |
Источник записи |
_0 |
| a |
Страна |
RU |
| b |
Организация |
NLR |
| c |
Дата составления |
20170608 |
| g |
Правила каталогизации |
RCR |
| 801 |
Источник записи |
_1 |
| a |
Страна |
RU |
| b |
Организация |
NLR |
| c |
Дата составления |
20170608 |
| 2 |
Код формата |
rusmarc |
| 801 |
Источник записи |
_2 |
| a |
Страна |
RU |
| b |
Организация |
NLR |
| c |
Дата составления |
20181031 |
| 2 |
Код формата |
rusmarc |
| 801 |
Источник записи |
_1 |
| a |
Страна |
RU |
| b |
Организация |
Центральная районная библиотека им. Г. А. Пирожникова |
| 852 |
Данные о местонахождении |
__ |
| j |
Шифр хранения |
74.90 |
| i |
Авторский знак |
М 365 |
| 901 |
Тип документа |
__ |
| t |
Тип документа |
m |
| 902 |
Роль лиц |
__ |
| b |
Редактор БЗ |
ОКиО/Шумских |